000 00544nam a2200181 a 4500
001 000015561
005 20240530073918.0
008 100212s1975 dr c 000 f spa d
040 _aDO-SdBNP
_bspa
_cBNPHU
082 _aRD863.44
_bA473c
100 1 _aAlvarez, Cipriano
_935107
245 1 0 _aCapitaleƱo /
_cCipriano Alvarez.
260 _aSanto Domingo :
_aNueco Mundo,
_c1975.
300 _a100 p. :
_bretr. ;
_c22 cm.
650 0 _aNovela dominicana
_9223
650 0 _aLiteratura dominicana.
_967
910 _aValidado. Control de calidad MFF
999 _c15117
_d15117